Best theme parks in North America - Statistiques

Statistiques générales
  • Ce quiz a été pris 17 fois
  • Le résultat moyen est 20 sur 55
Statistiques - réponses
Hint Réponse % Correct
florida Magic Kingdom
69%
Ohio Cedar Point
63%
california Disneyland
63%
florida Epcot
63%
Canada La Ronde
63%
florida SeaWorld Orlando
63%
tennessee Dollywood
56%
Ohio Kings Island
56%
Missouri Silver Dollar City
56%
Canada Canada's Wonderland
50%
Pennsylvania Hersheypark
50%
Mexico Six Flags Mexico
50%
florida Disney's Animal Kingdom
44%
florida Disney's Hollywood Studios
44%
Pennsylvania Kennywood
44%
Virginia Kings Dominion
44%
Texas Six Flags Fiesta Texas
44%
New Jersey Six Flags Great Adventure
44%
Illinois Six Flags Great America
44%
Georgia Six Flags Over Georgia
44%
Texas Six Flags Over Texas
44%
florida Universal Studios Florida
44%
North Carolina Carowinds
38%
california Disney's California Adventure
38%
florida Fun Spot America
38%
Kentucky Kentucky Kingdom
38%
Pennsylvania Knoebels
38%
california Six Flags Magic Mountain
38%
Missouri Six Flags St Louis
38%
florida Bush Gardens Tampa
31%
california Knott's Berry Farm
31%
florida Legoland Florida
31%
New York Legoland New York
31%
Maryland Six Flags America
31%
Massachusetts Six Flags New England
31%
california Universal Studios Hollywood
31%
Virginia Bush Gardens Williamsburg
25%
california California's Great America
25%
california Legoland California
25%
New York Luna Park
25%
Texas SeaWorld San Antonio
25%
california SeaWorld San Diego
25%
New York Six Flags Darien Lake
25%
Michigan Michigan's Adventure
19%
New Jersey Nickelodeon Universe Theme Park
19%
Idaho Silverwood Theme Park
19%
florida Universal Studios Islands of Adventure
19%
Minnesota Valleyfair!
19%
Oklahoma Frontier City
13%
Georgia Fun Spot America Atlanta
13%
Indiana Indiana Beach
13%
california Six Flags Discovery Kingdom
13%
New York Six Flags Great Escape
13%
Missouri World of Fun
13%
florida Peppa Pig Theme Park
6%
Aucun quiz correspondant
Distribution des résultats
% des personnes avec chaque résultat
Percentile par nombre de réponses
Votre historique - résultats
Vous n’avez pas pris ce quiz